MDQL
is popping MORE tags! Check the
thread
!
Quizzes
Events
Quiz Creation
Community
Videos
Private Events
Remove Ads
Sign In
Join for FREE
Feedback
Dark Mode
Quiz Categories
Sports
Geography
Music
Movies
Television
Just For Fun
Miscellaneous
History
Literature
Language
Science
Gaming
Entertainment
Religion
Holiday
For Kids
Quiz Lab
Recent
Popular Today
Quiz Kudos Today
Editor Picks
Curator Picks
Quizzes by...
Day
Popularity
Type
Ratings
Length
Year
Community
Subscriptions
Recent Discussions
Orange Saloon
Badges
Playlists
Quests
Create
Leaderboards
Showdown
Live 5
Trivia Bingo
Activity
Puzzle Library
Sporcle Events
Private Events
Virtual Trivia
Globe League
Become a Host
Pub Owners
SporcleCon
Opinionation
Our Games
Videos
Blog
Mobile Apps
Partnerships
Remove Ads and Go Orange
Feedback
Sports
Athletes
MLB
NBA
NHL
NFL
Soccer
Sports Teams
WWE
NCAA
Football
Premier League
Basketball
Baseball
Hockey
Golf
Tennis
Cricket
Rugby
Auto Racing
Olympics
World Cup
Sports
Athletes
MLB
NBA
NHL
NFL
Soccer
Sports Teams
WWE
NCAA
Football
Premier League
Basketball
Baseball
Hockey
Golf
Tennis
Cricket
Rugby
Auto Racing
Olympics
World Cup
Random Quiz
Search Sporcle
×
Quiz Lab
Quiz Lab
Sports
MLB
Type in answers that appear in a list
Type in answers that appear in a list
Classic
Best Score? Go Orange.
MLB Players with 200+ HRs with One Team Stats
Can you name the MLB Players with 200+ HRs with One Team?
By
KevinThompson
15m
181 Questions
1,716 Plays
1,716 Plays
1,716 Plays
Comments
Comments
Give Quiz Kudos
Give Quiz Kudos
-
- Ratings
hide this ad
More Info
Replay
Link that replays current quiz
Next Quiz
Link to next quiz in quiz playlist
You Got
0%
They Got
Avg Score
60%
Avg Friend Score
Upgrade to see
Score Distribution
Jump to the score distribution portion of the page
Score
0/181
Timer
15:00
0
Plays Today
Team
Player
% Correct
Arizona
Luis Gonzalez
96.1%
Rangers
Juan Gonzalez
96.1%
Royals
George Brett
95.7%
Reds
Ken Griffey
95.6%
Mariners
Ken Griffey
95.6%
Giants
Barry Bonds
94.7%
Astros
Jeff Bagwell
94.5%
Whitesox
Frank Thomas
94.3%
Brewers
Gorman Thomas
94.2%
Cardinals
Albert Pujols
94.2%
Angels
Albert Pujols
93.9%
Angels
Mike Trout
93.3%
Rays
Evan Longoria
93.1%
Rockies
Todd Helton
93.1%
Giants
Willie Mays
92.8%
Marlins
Giancarlo Stanton
92.6%
Rockies
Carlos Gonzalez
92.4%
Yankees
Alex Rodriguez
92.3%
Rangers
Ivan Rodriguez
92.1%
Boston
Ted Williams
91.8%
Cubs
Billy Williams
91.8%
Yankees
Bernie Williams
91.8%
Twins
Harmon Killebrew
91.7%
Giants
Matt Williams
91.7%
Baltimore
Cal Ripken
91.7%
Yankees
Babe Ruth
91.7%
Phillies
Cy Williams
91.5%
Atlanta
Hank Aaron
91.2%
Atlanta
Chipper Jones
91.2%
Atlanta
Andruw Jones
91.2%
Mariners
Edgar Martinez
91.2%
Baltimore
Adam Jones
90.9%
Indians
Jim Thome
90.5%
Pirates
Willie Stargell
89.3%
Brewers
Ryan Braun
89.2%
Rockies
Larry Walker
89%
Astros
Lance Berkman
89%
Cardinals
Stan Musial
89%
Yankees
Mickey Mantle
88.4%
Baltimore
Brooks Robinson
87.8%
Reds
Frank Robinson
87.8%
Phillies
Mike Schmidt
87.7%
Boston
Manny Ramirez
87.6%
Indians
Manny Ramirez
87.6%
Cubs
Aramis Ramirez
87.6%
Tigers
Miguel Cabrera
87.5%
Phillies
Ryan Howard
87.3%
Astros
Craig Biggio
87.3%
Oakland
Mark McGwire
87.3%
Cardinals
Mark McGwire
87.3%
Rangers
Frank Howard
87.3%
Nationals
Ryan Zimmerman
87.2%
Whitesox
Paul Konerko
86.7%
Arizona
Paul Goldschmidt
86.6%
Blue Jays
Jose Bautista
86.6%
Brewers
Prince Fielder
86.4%
Cubs
Sammy Sosa
86.3%
Tigers
Cecil Fielder
86.3%
Giants
Willie McCovey
86.3%
Mets
Darryl Strawberry
86.1%
Nationals
Vladimir Guerrero
85.9%
Team
Player
% Correct
Yankees
Lou Gehrig
85.6%
Brewers
Robin Yount
84.6%
Blue Jays
Carlos Delgado
84.5%
Oakland
Reggie Jackson
84.5%
Baltimore
Chris Davis
83.8%
Mets
David Wright
83.6%
Cubs
Ernie Banks
83.4%
Boston
David Ortiz
82.8%
Giants
Mel Ott
82.2%
Pirates
Roberto Clemente
81.7%
Blue Jays
Joe Carter
81.7%
Angels
Garret Anderson
81.6%
Nationals
Gary Carter
81.6%
Baltimore
Brady Anderson
81.5%
Pirates
Andrew McCutchen
81.4%
Reds
Joey Votto
81%
Mariners
Jay Buhner
81%
Reds
Johnny Bench
80.2%
Yankees
Derek Jeter
80.2%
Twins
Kirby Puckett
80.1%
Yankees
Joe DiMaggio
80%
Dodgers
Duke Snider
79.7%
Tigers
Al Kaline
79.5%
Angels
Tim Salmon
78.9%
Boston
Carl Yastrzemski
78.2%
Rockies
Nolen Arenado
78.1%
Blue Jays
George Bell
77.9%
Atlanta
Eddie Mathews
77.3%
Baltimore
Eddie Murray
77.3%
Mets
Mike Piazza
77.1%
Oakland
Jose Canseco
76.5%
Blue Jays
Edwin Encarnacion
76.2%
Rockies
Dante Bichette
75.4%
Yankees
Yogi Berra
74.7%
Boston
Jimmie Foxx
74.1%
Oakland
Jimmie Foxx
74.1%
Indians
Albert Belle
73.8%
Baltimore
Rafael Palmeiro
73.6%
Rangers
Rafael Palmeiro
73.6%
Boston
Jim Rice
73.2%
Reds
Adam Dunn
72.4%
Phillies
Chase Utley
72.3%
Atlanta
Freddie Freeman
72.1%
Pirates
Ralph Kiner
71.7%
Phillies
Jimmy Rollins
71.6%
Rockies
Vinny Castilla
71.3%
Yankees
Jason Giambi
71%
Nationals
Andre Dawson
70.8%
Dodgers
Matt Kemp
66.7%
Yankees
Jorge Posada
66.7%
Cubs
Anthony Rizzo
66.4%
Atlanta
Dale Murphy
65.1%
Boston
Dwight Evans
64.6%
Twins
Justin Morneau
64.3%
Reds
Eric Davis
63.8%
Twins
Kent Hrbek
63.7%
Blue Jays
Vernon Wells
62.8%
Reds
Tony Perez
62.6%
Tigers
Hank Greenberg
62.6%
Yankees
Robinson Cano
62.5%
Cardinals
Jim Edmonds
61.9%
Team
Player
% Correct
Oakland
Bob Johnson
61.8%
Cubs
Ron Santo
61.6%
Cubs
Ryne Sandberg
61.1%
Dodgers
Gil Hodges
60.2%
Yankees
Mark Teixeira
59.9%
Dodgers
Roy Campanella
59.1%
Dodgers
Steve Garvey
58.8%
Baltimore
Boog Powell
58%
Twins
Torii Hunter
55.9%
Whitesox
Carlton Fisk
55.3%
Yankees
Roger Maris
53.5%
Brewers
Cecil Cooper
52.6%
Indians
Travis Hafner
52.6%
Reds
George Foster
51.7%
Dodgers
Ron Cey
51.3%
Oakland
Eric Chavez
50.4%
Phillies
Pat Burrell
50.3%
Tigers
Lou Whitaker
50.1%
Yankees
Dave Winfield
49.7%
Giants
Orlando Cepeda
49.2%
Tigers
Norm Cash
48.7%
Twins
Gary Gaetti
48.2%
Whitesox
Harold Baines
47.2%
Yankees
Don Mattingly
47.2%
Boston
Mo Vaughn
46.1%
Indians
Carlos Santana
43.9%
Oakland
Al Simmons
43.7%
Dodgers
Eric Karros
43.7%
Twins
Tony Oliva
43.3%
Yankees
Graig Nettles
43.1%
Reds
Jay Bruce
40.9%
Phillies
Greg Luzinski
39.3%
Astros
Jim Wynn
38.9%
Phillies
Chuck Klein
38.3%
Nationals
Tim Wallach
38.1%
Reds
Ted Kluszewski
37.7%
Phillies
Dick Allen
36.8%
Tigers
Lance Parrish
34.4%
Yankees
Bill Dickey
34.4%
Boston
Bobby Doerr
33.2%
Angels
Brian Downing
32.9%
Atlanta
Javy Lopez
32.8%
Cardinals
Ken Boyer
32.7%
Cardinals
Ray Lankford
32.7%
Brewers
Geoff Jenkins
32.2%
Tigers
Willie Horton
29.1%
Atlanta
Bob Horner
27.6%
Twins
Bob Allison
27.3%
Indians
Earl Averill
26.9%
Indians
Larry Doby
24.6%
Atlanta
Joe Adcock
24.3%
Indians
Hal Trosky
22.3%
Boston
Rico Petrocelli
21.5%
Cubs
Gabby Hartnett
21.1%
Indians
Andre Thornton
20.7%
Phillies
Del Ennis
20.6%
Tigers
Bill Freehan
20%
Tigers
Rudy York
16.3%
Cubs
Bill Nicholson
9.7%
Quiz Playlist
Details
Report
Send in Message
Add To Playlist
More Info:
* Denotes Active Players
Classic:
Type in answers that appear in a list
Quiz Source
Last Updated: Jul 11, 2020
Quiz Scoreboard
CHALLENGE
Sign Up to Join the Scoreboard
Show All
Scores
Hide
Comments
May contain spoilers
Recently Published
Street Fighter Characters
by Artimus82
Gaming
60s
9x9 Crossword: Cartoon Network
by jackfrog10
Miscellaneous
3m
College Basketball Coaching Resumes
by pancakes188
Sports
9m
More to Explore
Quiz From the Vault
Featured Blog Post
Where Did the Easter Bunny Come From?
hide this ad
You Might Also Like...
Tags
Baseball Quiz
MLB Quiz
200
HR 200
HR Hitters
HR Leaders
hrs
One Team
team
Today's Top Quizzes in Sports
Browse Sports
hide this ad
Today's Top Quizzes in MLB
Browse MLB
Top Contributed Quizzes in Sports
1
2022 World Cup Stars
2
Les meilleurs buteurs des matchs entre le PSG et l’OM
3
FIFA Club World Cup Champions
4
Les entraîneurs de l'OM et du PSG au 21e siècle
5
Criteria MLB: Left Handed Sluggers
6
2023 MLB Unique Player Accomplishments
7
AFC Teams Reveal (Wrong Answers Minefield)
8
5-to-1: FBS Animal Nicknames
9
Players with Multiple 50 Home Run Seasons
10
5-to-1: UK Sports Teams
Explore More
Trending Topics
Crossword
Harry Potter
Marvel
NBA
Anime
Kpop
Disney
WWE
Soccer
The Office
NFL
Pokémon
Song
Puzzle
Country
hide this ad
More By:
KevinThompson
Quiz
Plays
Rating
Category
Featured
Created
MLB Players with 200+ HRs with One Team
1,716
4.45
Sports
May 22, 2011
Famous Cartoon Dogs
515
3.57
Entertainment
Jan 10, 2011
TV Series with Most Episodes in the 80s
489
4.00
Television
Aug 23, 2011
20 Worst Top Ten NBA Draft Picks (90s)
435
3.25
Sports
Apr 29, 2011
Famous Cartoon Mice
332
5.00
Entertainment
Jan 10, 2011
Go to Creator's Profile
Score Distribution
Quiz Creator Spotlight
KevinThompson
Follow
Send a Message
Quizzes Created
-
Created Quiz Play Count
-
More By This Creator
Popular Quizzes Today
1
Find the US States - No Outlines Minefield
2
Find the Countries of Europe - No Outlines Minefield
3
The Countries of the World
4
Find the US States
5
Risky Map Clicking: Biggest States A-Z
6
US States
7
Popular People in 1961
8
Movies - When Are They Set?
More Sports Quizzes
Clickable 2010s NBA MVPs by Stat Line
Curator's Pick
Trending Quizzes
Risky Map Clicking: Least Populous States A-Z
Countries of the World: 200 Million BC
1-10 Letter G Words
Risky Map Clicking: Next State Alphabetically
Adjectives in 80s TV Shows
Recently Updated
Leaping Animals
pecheneg
Reality TV Shows (A-Z)
bhenderson79
Rickey Henderson's Hall of Fame Teammates
pecheneg
Champions League XIs: Arsenal
pecheneg
Quick Pick: Celebrities in WWE's Hall of Fame
aduchscher
A-Z Keypad Blitz II
pecheneg
Multiple Oscar Actors
pecheneg
Mystery Phrase Blitz: Oscar 'Best Actors'
pecheneg
F. Scott Fitzgerald Novels
LTH
Pick 3 Villains
ddd62291
Trending Topics
Harry Potter
NBA
Marvel
Disney
Crossword
Kpop
Anime
Puzzle
WWE
NFL
Country
Soccer
Song
The Office
Pokémon
Your Account Isn't Verified!
In order to create a playlist on Sporcle, you need to verify the email address you used during registration. Go to your
Sporcle Settings
to finish the process.
Report this User
Report this user for behavior that violates our
Community Guidelines
.
Details:
Send Report
Go to the Sporcle.com Mobile Site →
Comments